000 00416nam a2200157 4500
001 144959
003 ES-MaACL
005 20230906201132.0
007 t|
008 070214s1919 xxu r ||||1| eng d
100 1 _aSmith, Justin H.
_9106902
245 1 4 _aThe war with Mexico /
_cby Justin H. Smith.
260 _aNew York :
_bMacmillan,
_c1919.
300 _a2 v. ;
_c22 x 15 cm.
852 _aES-MaACL
_jC-2166-67
999 _c144959
_d144959